000 00791nam a2200217Ii 4500
003 JO-AjNU
008 230605s9999||||xx |||||||||||||| ||und||
017 _a2014/2/993
040 _aJO-AjNU
_bara
_erda
_cJO-AjNU
041 _aara
050 1 4 _aPJ6123 2014
100 3 _aالسعدي، عيسى إبراهيم,
_eauthor
_947992
245 0 0 _aإضاءات التعبير الإبداعي والإملاء السليم:ركيزتان هامّتان للغتنا العربية الجميلة
250 _aط1
264 3 1 _aعمان:دار المعتز للنشر والتوزيع،2014
300 _a144ص
336 _atext
_btxt
_2rdacontent
337 _aunmediated
_bn
_2rdamedia
338 _avolume
_bnc
_2rdacarrier
650 4 _aالتعبير-اللغة العربية
_947993
999 _aA20988
_c24556
_d24556